| 000 | 00633nam a22002417a 4500 | ||
|---|---|---|---|
| 003 | UA-OsUOA | ||
| 001 | 52256 | ||
| 007 | ta | ||
| 008 | 20150528b un ||||| |||| 00| 0 ukr d | ||
| 100 | _aShayan W. | ||
| 090 | _a09-94(100) | ||
| 942 | _cBR | ||
| 040 |
_aUA-OsUOA _bfre _cUA-OsUOA _dUA-OsUOA |
||
| 245 | _aThe Creation of Humanity | ||
| 300 | _a12 p. | ||
| 955 | _a4 | ||
| 041 | _afre | ||
| 080 | _a09-94(100) | ||
| 260 |
_bNew Epoch _c1946 |
||
| 650 | 7 |
_a0 Загальний відділ. _2UDC |
|
| 999 |
_c432380 _d432380 |
||